India's ancient past / (Record no. 151647)
[ view plain ]
| 000 -LEADER | |
|---|---|
| fixed length control field | 00737nam a22001937a 4500 |
| 005 - DATE AND TIME OF LATEST TRANSACTION | |
| control field | 20180420165841.0 |
| 010 ## - LCCN (DPL NO) | |
| LC control number | B-691545-546 |
| 020 ## - INTERNATIONAL STANDARD BOOK NUMBER | |
| Terms of availability | 335.00 |
| International Standard Book Number | 9780195687859 |
| 035 ## - SYSTEM CONTROL NUMBER | |
| System control number | B-691545-546 |
| 037 ## - SOURCE OF ACQUISITION | |
| Source of stock number/acquisition | R.K.Books |
| 082 ## - DEWEY DECIMAL CLASSIFICATION NUMBER | |
| Classification number | 934 |
| 100 ## - MAIN ENTRY--PERSONAL NAME | |
| Personal name | Sharma, Ram Sharan |
| 245 ## - TITLE STATEMENT | |
| Title | India's ancient past / |
| Statement of responsibility, etc | by Ram Sharan Sharma |
| 260 ## - PUBLICATION, DISTRIBUTION, ETC. (IMPRINT) | |
| Place of publication, distribution, etc | New Delh |
| Name of publisher, distributor, etc | Oxford University Press |
| Date of publication, distribution, etc | 2005 |
| 270 ## - ADDRESS | |
| Address | 2/11, Ansari Road, Darya Gnaj, |
| City | New Delhi |
| Postal code | 110002 |
| 300 ## - PHYSICAL DESCRIPTION | |
| Extent | xi, 387 pages : illustrations ; |
| Dimensions | 23cm(pbk) |
| 942 ## - ADDED ENTRY ELEMENTS (KOHA) | |
| Source of classification or shelving scheme | Dewey Decimal Classification |
| Item type | English Books |
| Call number suffix | SHA |
| Classification part | 934 |
| Withdrawn status | Lost status | Not for loan | Collection code | Home library | Current library | Date acquired | Source of acquisition | Cost, normal purchase price | Full call number | Barcode | Copy number | Cost, replacement price | Koha item type |
|---|---|---|---|---|---|---|---|---|---|---|---|---|---|
| Non-fiction | Bawana | Bawana | 20/04/2018 | R.K.Books IN4122/17-18/26.03.2018/897/23.03.2018/27.03.2018 | 335.00 | 934 SHA | B-691546 | 1 | 335.00 | English Books | |||
| Non-fiction | Narela | Narela | 20/04/2018 | R.K.Books IN4122/17-18/26.03.2018/897/23.03.2018/27.03.2018 | 335.00 | 934 SHA | B-691545 | 1 | 335.00 | English Books |
